| 000 | 00521ntaaa2200193 4500 | ||
|---|---|---|---|
| 003 | 01 | ||
| 005 | 20251027202617.0 | ||
| 008 | 0714s1973 ag 01 | ||
| 040 |
_aAR-BaBN _bspa _cAR-BaBN _eaacr _dRIC |
||
| 082 | _a370.1000 M31e9 | ||
| 100 |
_aMantovani, Juan _94649 |
||
| 245 | _aEducación y plenitud humana | ||
| 250 | _a9 ed. | ||
| 260 |
_aBuenos Aires : _bEl Ateneo, _c1972 |
||
| 300 | _a196 p | ||
| 500 | _aLibro sobre cuestiones de filosofía pedagógica | ||
| 650 |
_afilosofía pedagógica _925385 |
||
| 942 | _cBK | ||
| 999 |
_c21250 _d21250 |
||